Ovládanie robota gestami pomocou senzora Leap Motion
Saved in:
| Main Author: | |
|---|---|
| Other Authors: | |
| Format: | Manuscript Book |
| Language: | Slovak |
| Published: |
Bratislava :
STU v Bratislave FEI,
2021
|
| Subjects: | |
| Online Access: | https://opac.crzp.sk/?fn=detailBiblioForm&sid=CF9E62B1F4156FE3B92B0284D7C8&seo=CRZP-detail-kniha |
| Tags: |
No Tags, Be the first to tag this record!
|
MARC
| LEADER | 00000ntm a22000003a 4500 | ||
|---|---|---|---|
| 001 | stuzp82681 | ||
| 003 | SK-STU | ||
| 005 | 20211018105334.6 | ||
| 007 | ta | ||
| 008 | 150427s2015----xo-----f-mn---000-0-slo-d | ||
| 040 | |a STU |b slo | ||
| 041 | 0 | |a slo | |
| 044 | |a xo | ||
| 100 | 1 | |a Cservenka, Béla |u 031000 |4 aut |U FEI Fakulta elektrotechniky a informatiky |T FEI Ústav robotiky a kybernetiky |X 98313 |U E011 |Y 356 |7 98313 | |
| 242 | 0 | 1 | |a Controlling a Robot via Gestures Using the Leap Motion Sensor |y eng |
| 245 | 1 | 0 | |a Ovládanie robota gestami pomocou senzora Leap Motion |
| 260 | |a Bratislava : |b STU v Bratislave FEI, |c 2021 | ||
| 300 | |a 37 s., príl. | ||
| 650 | 4 | |a gesto |2 slo | |
| 650 | 4 | |a senzor |2 slo | |
| 650 | 4 | |a HRI |2 slo | |
| 650 | 4 | |a Leap Motion |2 slo | |
| 650 | 4 | |a ROS |2 slo | |
| 650 | 4 | |a Robotický manipulátor UR5e |2 slo | |
| 650 | 4 | |a gesture |2 eng | |
| 650 | 4 | |a sensor |2 eng | |
| 650 | 4 | |a Leap Motion |2 eng | |
| 650 | 4 | |a ROS |2 eng | |
| 650 | 4 | |a Robotic manipulator UR5e |2 eng | |
| 650 | 4 | |a HRI |2 eng | |
| 700 | 1 | |a Tölgyessy, Michal |u 031000 |k Z1 |4 ths |U FEI Fakulta elektrotechniky a informatiky |T FEI Ústav robotiky a kybernetiky |X 22286 |U E011 |Y 356 |7 A000022286 | |
| 856 | 4 | |u https://opac.crzp.sk/?fn=detailBiblioForm&sid=CF9E62B1F4156FE3B92B0284D7C8&seo=CRZP-detail-kniha | |